US States by Horror Movies - Map Quiz - Statistics

General Stats
  • This quiz has been taken 93 times
  • The average score is 5 of 15
Answers on the Map
Answers color-coded by a green-red scale on the quiz's map according to % correct below.
 
Answer Stats
Answer % Correct
It
53%
The Shining
47%
Halloween
42%
Children of the Corn
40%
The Amityville Horror
35%
The Hills Have Eyes (1977)
28%
A Nightmare on Elm Street
26%
Friday the 13th
26%
The Blair Witch Project
26%
The Conjuring
26%
I Know What You Did Last Summer
25%
Predator 2
23%
The Ring
23%
Gremlins
18%
The Evil Dead (1981)
18%
No matching quizzes found
Score Distribution
Percent of People with Each Score
Percentile by Number Answered
Your Score History
You have not taken this quiz